Stranovedenije v jazykovoj i professionaľnoj podgotovke studentov - ekonomistov

Bibliographic Details
Main Author: Trombitaš, E. (Author)
Format: Article
Language:Russian
ISBN:8096755099
Subjects:

MARC

LEADER 00000naa a2200000 a 4500
001 vtls011855518
003 SK-MaSNL
005 20260302133259.0
008 210910|2000 xo |||||||||||||||||rus|
015 |a SNBCL 
035 |a (urnnbn)urn:nbn:sk:snk:ar-a0aztd 
035 |a urn:nbn:sk:snk-aaw9h6 
035 |a (uuid)38625ec3-f532-47d7-a7a0-a13ce6527e3a 
040 |a SNKBUCL  |b slo  |c SNKBUCL  |e AACR2 
041 |a rus 
044 |a xo  |c SK 
100 1 |a Trombitaš, E.  |4 aut  |9 819666 
245 1 0 |a Stranovedenije v jazykovoj i professionaľnoj podgotovke studentov - ekonomistov  |c E. Trombitaš 
336 |a text  |b txt  |c rdacontent 
337 |a bez média  |b n  |c rdamedia 
338 |a zväzok  |b nc  |c rdacarrier 
655 7 |a články zo zborníkov  |2 snkbucl  |9 166140 
773 0 |t Russkij jazyk v centre Jevropy  |d Námestovo : Štúdio F], 2000  |g S. 88-89  |z 8096755099 
958 |a OND 
958 |a article26 
958 |a chapter 
999 |c 1316213  |d 1318143